[Event "Dyfed Open"]
[Site "?"]
[Date "2018.02.18"]
[Round "5"]
[White "Jones, Iolo C"]
[Black "Buttell, David"]
[Result "1-0"]
[WhiteElo "2206"]
[BlackElo "1782"]
[Annotator "Rudy"]
[PlyCount "89"]
[EventDate "2018.??.??"]

1. c4 b6 2. d4 e6 3. d5 (3. Nc3) (3. Nf3) 3... e5 {rare, avoiding book lines} (
3... Nf6) (3... Bb7 4. a3 {Karpov-Hou, Harbin m rapid 2018,0-1}) 4. Nf3 (4. g3
d6 5. Bg2 g6 6. Nf3 Bg7 7. O-O Ne7 8. Nc3 O-O 9. Bd2 {Kunin-Hermann, Bad
Woerishofen op 2002,1/2-1/2}) (4. e4 g6 5. Nc3 d6 6. Bd3 Bg7 7. Nge2 Ne7 8. O-O
O-O 9. f4 exf4 10. Bxf4 Nd7 {Michalicka-Bednar, SVK ch tm 2015,1/2-1/2}) 4...
d6 (4... Bb4+ {[%eval 0,0] Komodo11- to exchange off a potentially bad}) 5. e4
Be7 6. Nc3 f5 {continuing to play adventurously} (6... Nf6 $14) 7. exf5 Bxf5 8.
Bd3 Bxd3 9. Qxd3 $16 Nd7 10. Ne4 Ngf6 11. Nfd2 O-O 12. O-O $11 Nc5 (12... Qe8)
13. Nxc5 bxc5 14. Rb1 a5 15. Re1 Nh5 (15... a4 $11 {Komodo11}) 16. g3 {[%eval
0,0] there is no need to prevent Nf4, as the exchange there will leave Wh with
a good N vs bad} (16. Ne4 Qe8 17. Nc3 Qd7 18. Bd2 Nf4 19. Bxf4 Rxf4 20. Ne4 $14
{Komodo11- but its hard to see what the N does next , as there is no pawn
break with c5 available.}) 16... Qd7 (16... Bg5 $11 {Komodo11}) 17. Re3 {
difficult to see what this R is up to, other than an exchange on f3. It
encourages Bl to play Bg5 anyway} (17. Ne4 Qf5 18. Bd2 a4 19. Kg2 $14 {Komodo11
}) 17... Qg4 (17... Bg5 18. Re1 Qh3 $11 {Komodo11}) 18. f3 Qd4 (18... Qd7 19.
Ne4 $14) 19. Qxd4 (19. Qe2 $1 $18 {Komodo11} Nf4 (19... Bg5 20. Nb3 Nf4 21.
gxf4 Qxf4 22. Rxe5 Qxe5 23. Qxe5 dxe5 24. Bxg5 Rxf3 25. Nxc5 $18 {Stockfish9})
(19... a4 20. Kh1 Nf4 21. gxf4 Qxf4 22. Ne4 $18 {Stockfish9}) 20. gxf4 exf4 21.
Nb3 fxe3 22. Nxd4 cxd4 23. b3 Bf6 24. Kg2 Rae8 25. c5 $18 dxc5 26. Qc4 Be5 27.
Ba3 Bd6 28. Bxc5 $18 {Komodo11 & Stockfish9}) 19... cxd4 $11 {both Engines} 20.
Rb3 Nf6 (20... Bg5 $11) 21. Rb7 Rfc8 22. a4 Nd7 23. Rb5 (23. Ne4 Nb6 24. b3
Rab8 $11 {Komodo11}) 23... Nc5 24. b3 Bg5 25. Nf1 $6 {avoiding a N swap leaves
Wh with an inferior placed N} (25. Ne4 Bxc1 26. Rxc1 Nxe4 (26... Nd3 27. Rd1
Nb4 28. c5 dxc5 29. Rxc5 Rd8 30. f4 Nxd5 (30... Rxd5 31. Rxd5 Nxd5 32. fxe5 Re8
33. Rxd4 Rxe5 $11 {Komodo11})) 27. fxe4 Kf7 28. Kf2 Ke7 29. Ke2 Rf8 $11 {
Komodo11} 30. Rb7 Rab8 31. Rxc7+ Kd8 32. Ra7 Rxb3 33. Ra8+ Ke7 34. Rxf8 Rb2+
35. Kd3 Kxf8 36. c5 Rb3+ 37. Kd2 Rb2+ 38. Kd3 (38. Kd1 Rxh2 39. Rc4 {other
moves lose} (39. c6 Rh1+ 40. Kd2 Rxc1 41. Kxc1 Ke7 $19 {Bl has 2 runners, Wh
only one}) 39... Rh1+ 40. Ke2 Ke7 $11) 38... Rb3+ $11) 25... Bxc1 26. Rxc1 Rf8
$15 (26... e4 $17 {Komodo11 & Stockfish9 (which gives very similar variations
& evaluations in what follows)} 27. fxe4 (27. Rxc5 dxc5 28. fxe4 Kf7 $17) 27...
Nxe4 28. Re1 Re8 {Wh's N is stuck on f1} 29. b4 axb4 30. Rxb4 Nc5 31. Rxe8+
Rxe8 32. Rb1 Re2 (32... Nxa4 33. Rd1 Nc3 34. Rd3 g5 35. Nd2 Kf7 36. Kf1 Kf6 37.
Rxd4 Re3 $17) 33. Ra1 d3 $19 (33... Rc2 $17 34. a5 Na6 $17) 34. a5 Nb3 35. Ra3
(35. Rd1 d2 36. Nxd2 (36. a6 Re1 37. a7 Rxd1 38. a8=Q+ Kf7 39. Qc8 Rxf1+ 40.
Kxf1 d1=Q+ $19) 36... Rxd2 37. Rxd2 Nxd2 38. a6 Nxc4 39. a7 Nb6 $19) 35... d2
36. Nxd2 Nxd2 37. a6 Re8 38. a7 Ra8 $19 {Komodo11}) 27. Nd2 {other moves lose}
Rfb8 $11 (27... g5 $15 28. Re1 Kf7 29. Kg2 Kg6 30. Ne4 Nxe4 31. fxe4 h5 32. Rb7
Rfc8 33. c5 Rab8 $15 {Stockfish9 & Komodo11 gives similar variations}) 28. Kf1
(28. Ne4 Nxb3 29. Rb1 Rxb5 30. cxb5 (30. axb5 a4 $19) 30... Nc5 31. Nxc5 dxc5
32. Rc1 Rf8 33. Kg2 d3 34. Kf2 d2 35. Rd1 Kf7 36. Ke3 Ke7 37. Rxd2 Kd6 $15 {
Komodo11}) 28... Kf7 29. Ke2 Ke7 30. Rb1 (30. Ne4 $11) 30... Kd7 (30... Rf8 $15
31. Ne4 $6 (31. h4 Rf6 32. Re1 Rg6 33. Rg1 Kd7 $15 {but no clear way forward
for Bl to make use of his protected passed pawn}) 31... Nxe4 32. fxe4 Rf7 33.
c5 Raf8 $17 {Komodo11}) 31. Ne4 Nxe4 (31... Rxb5 32. cxb5 Rf8 33. h4 h6 $11)
32. fxe4 c6 (32... Rf8 $11) (32... g5 $11) (32... Rb6 $11) (32... Rxb5 33. cxb5
(33. axb5 a4 $17) 33... Rf8 34. b4 Ra8 35. bxa5 Rxa5 36. Ra1 Kc8 37. Kd3 Kb7
38. Kc4 Ra8 (38... Kb6 39. Kb4 $18) 39. a5 Rf8 $11 {Komodo11}) 33. dxc6+ Kxc6
34. Rc1 (34. Rd5 Rd8 35. Rc1 Kd7 36. c5 Ke6 37. Kd2 Ra6 $11 {Komodo11}) 34...
Rxb5 $6 {not the best, it unbalances the q side pawns} (34... Rb7 $11 35. Rd5
Rxb3 36. c5 Re3+ 37. Kd2 Kd7 38. Rxd6+ Ke7 39. Rd5 Rxe4 40. c6 Ke6 41. Rd7 Rf8
42. Kd3 Re3+ 43. Kc4 Ra3 44. Kc5 Rc8 45. Rxg7 Rxa4 46. Rxh7 Ra2 $11 (46... d3
$11 {Komodo11})) (34... Kd7 35. Rf1 Ke6 36. Kd2 (36. Rf3 Rxb5 37. cxb5 Rc8 $11
{Bl has the open c file to compensate for the q side}) 36... Ke7 37. Kd3 Ke6
$11 {Komodo11}) 35. cxb5+ $14 Kd7 36. Rc4 (36. Rc6 g5 37. Kd3 (37. Ra6 $2 Rxa6
38. bxa6 Kc6 $19 {Komodo11}) 37... Rf8 38. Kc4 Rf6 39. Ra6 Rf1 40. Rxa5 d5+ $1
41. exd5 Rc1+ 42. Kd3 Rc3+ 43. Ke2 Rxb3 44. Ra6 e4 $11 {Komodo11; both sides
have running pawns}) 36... Rc8 $2 (36... d5 $1 {mobilizes 2 centre pawns for Bl
} 37. exd5 (37. Rc5 dxe4 38. Rxe5 d3+ 39. Ke3 Re8 $11) 37... Kd6 38. Rc6+ Kxd5
39. Rc7 g5 (39... h5 40. Rxg7 Ke4 41. b6 d3+ 42. Kd2 Rf8 43. b4 Rf2+ 44. Kc3
axb4+ 45. Kxb4 Rb2+ 46. Kc5 Rc2+ 47. Kb5 Rb2+ 48. Kc6 Rc2+ 49. Kb5 (49. Kb7 d2
$17) 49... Rb2+ $11) 40. Rxh7 Rc8 (40... g4 41. b6 Rb8 42. b7 Kc6 43. Re7 Rxb7
44. Rxe5 Rxb3 45. Rxa5 Ra3 $11 {Komodo11- all R & P endings are drawn?})) 37.
Kd3 (37. Rxc8 $1 $18 Kxc8 38. Kd3 Kc7 39. Kc4 Kb6 40. b4) 37... Rxc4 $2 (37...
Rf8 38. Ke2 $14) 38. Kxc4 $18 Kc7 39. b4 Kb6 (39... axb4 40. a5 $18) 40. Kb3
axb4 (40... d5 {is now too late to save Bl} 41. bxa5+ Kxa5 42. exd5 e4 (42...
d3 43. Kc3 e4 44. d6 Kb6 {Komodo11 goes for focing Zugzwang with Kd2-e3} 45.
a5+ $18) 43. d6 Kb6 44. Kc4 e3 45. a5+ Kb7 46. a6+ Kb6 47. d7 Kc7 48. a7 $18)
41. Kxb4 Kb7 42. a5 Ka7 43. b6+ Ka6 44. Kc4 Kb7 45. Kb5 1-0

[Event "Dyfed Open"]
[Site "?"]
[Date "2018.02.18"]
[Round "5"]
[White "Fowler, Hugo"]
[Black "Heap, Gerry"]
[Result "0-1"]
[WhiteElo "1786"]
[BlackElo "2086"]
[Annotator "Rudy"]
[PlyCount "80"]
[EventDate "2018.??.??"]

1. e4 c5 2. c3 g6 (2... d5) (2... Nf6) 3. d4 cxd4 4. cxd4 d5 5. exd5 (5. e5)
5... Nf6 6. Nc3 Bg7 {a bit like a Grunfeld, also could occur from a caro-kann
or a Scandinavian} 7. Nf3 O-O 8. Bd3 Nxd5 9. a3 (9. O-O {main, more flexible})
9... Nc6 10. Bb1 {slightly unusual as there is no chance of a Q & B lineup to
try & mate the K} (10. Be4 Nf6 11. Bc2 Bg4 12. d5 Bxf3 13. gxf3 Ne5 14. Be4 Qd7
15. Be3 Nc4 {Kostadinov-Panteleev, BUL ch tm , Pamporovo 2001, 0-1}) 10... Bg4
$17 11. h3 (11. Be3 e5 $17 {breaks open the centre}) 11... Bxf3 12. Qxf3 Nb6
$17 (12... Nxd4 $1 $19 13. Qxd5 Nc2+ $1 14. Ke2 (14. Bxc2 Bxc3+ 15. bxc3 Qxd5)
14... Qxd5 15. Nxd5 Nxa1 $19 {Komodo11}) 13. d5 (13. O-O Qxd4 14. Be3 Qh4 $17)
13... Nd4 $19 14. Qe4 (14. Qd1 Nxd5 15. Nxd5 Qxd5 16. O-O Rac8 $19 {Komodo11})
14... Nb3 $19 15. O-O Nxa1 16. Ba2 Nc8 17. Re1 (17. Qb1 $5) 17... Qb6 18. Na4
Qd4 19. Qxd4 Bxd4 20. Bh6 Bg7 (20... b5) 21. Bxg7 Kxg7 22. Rxa1 {Bl is just an
exchange up} Nd6 23. Re1 Rfe8 24. Nc5 Rac8 25. b4 a5 26. Kf1 axb4 27. axb4 b6
28. Nd7 Rc2 29. Re2 Rc1+ 30. Re1 Rxe1+ 31. Kxe1 Ra8 {the remaining R goes
pawn- hunting} 32. Bb3 Ra1+ 33. Kd2 Rb1 34. Kc2 Rf1 35. f3 b5 36. Kd3 Rf2 37.
Kd4 Rxg2 38. Kc5 Rb2 {and piece-hunting} 39. Bd1 Rd2 40. Bb3 Rd3 0-1

[Event "Dyfed Open"]
[Site "?"]
[Date "2018.02.18"]
[Round "5"]
[White "Jukes, Sam"]
[Black "Miles, Richard"]
[Result "0-1"]
[WhiteElo "1762"]
[BlackElo "1960"]
[Annotator "Rudy"]
[PlyCount "60"]
[EventDate "2018.??.??"]

1. e4 c5 2. Nf3 Nc6 3. d4 cxd4 4. c3 {Morra Gambit, which gives Wh loads of
play if Bl is not careful} dxc3 5. Nxc3 d6 6. Bc4 a6 7. O-O Nf6 8. h3 e6 9. Qe2
Be7 10. Rd1 Qc7 {Bl must avoid an e5 push} 11. Be3 (11. Bf4 Ne5 {main}) 11...
O-O 12. Rac1 Qb8 {ultra cautious} (12... Bd7 {main, is OK for Bl}) 13. Bb3 Na5
14. Bc2 b5 15. b3 (15. Bd3 Bd7 16. b4 Nc6 17. a3 Qb7 18. Bb1 Rac8 {
Stetson-Brown, Arizona 1976,0-1}) (15. Nd2 Bb7 16. f4 e5 17. f5 d5 18. Bb6 Nc4
19. Nxc4 dxc4 {Hess-Duerdoth, NRW ch U17, Siegburg 1997,1/2-1/2}) (15. Bg5 Nc4
16. b3 Ne5 17. Nd4 h6 18. Be3 Bd7 19. f4 Nc6 20. Nf3 Rd8 21. Bf2 e5 22. f5 Rc8
{Van Riesen-Schoene, GER Seniors ch tm , Velden 1999,0-1}) (15. Bf4 Bb7 16. e5
$11 {Komodo11}) 15... Bd7 (15... Bb7 $15) 16. e5 $11 {Komodo11 & Stockfish9}
dxe5 17. Ne4 Bc6 (17... Nd5 18. Bc5 $11 {Stockfish9}) 18. Neg5 (18. Nxf6+ Bxf6
19. Bc5 Rd8 20. Rxd8+ Qxd8 21. Nxe5 Bxe5 22. Qxe5 Bd5 23. Bd4 f6 24. Qg3 Kh8
25. Bxh7 Kxh7 26. Rc7 Qf8 27. Bc5 Qh8 28. Bd4 Rf8 29. Bc5 Nc6 30. Qh4+ Kg6 31.
Qg4+ Kh6 32. Qh4+ $11 {Stockfish9}) 18... h6 (18... Bd5 $19 {Stockfish9}) 19.
Nxe6 (19. Bd2 Nb7 20. Nh7 e4 21. Nd4 Bd5 22. Nxf8 Bxf8 23. Bb1 Nc5 (23... Ba3
24. Rc2 Qf8 25. Qe1 $11) 24. Qe3 Bb7 $15 {Stockfish9}) 19... fxe6 $19 20. Qd2
e4 (20... Bxf3 $19) 21. Bxh6 {hoping for something in the chaos} gxh6 (21...
exf3) 22. Qxh6 Qe8 (22... Rf7 {also covers weak points}) 23. Qg5+ Kh7 24. g4
Rg8 (24... Nxg4 $1 {Stockfish9}) 25. Qh4+ Qh5 (25... Kg7 26. Qg5+ Kh8 27. Qh6+
Nh7 $19) 26. Qg3 Nxg4 27. Qf4 Ne5+ (27... Qxh3 {Stockfish9, mating soon}) 28.
Kf1 Nxf3 29. Bxe4+ Bxe4 30. Qxe4+ Qf5 (30... Kh8) 0-1

[Event "Dyfed Open"]
[Site "?"]
[Date "2018.02.18"]
[Round "5"]
[White "Bourne, Johnathan D"]
[Black "Owen, Neil"]
[Result "1/2-1/2"]
[WhiteElo "1957"]
[BlackElo "1760"]
[Annotator "Rudy"]
[PlyCount "102"]
[EventDate "2018.??.??"]

1. e4 d6 2. d4 c6 3. Nc3 Qc7 (3... Nf6) 4. f4 e5 5. Be2 (5. Nf3 Bg4 {main})
5... Be7 (5... Nd7) 6. Nf3 Bf6 {an odd variant of a Pribyl defence} (6... Bg4 {
2-0}) (6... Nd7 {Komodo11}) 7. dxe5 dxe5 8. fxe5 Bxe5 9. Nxe5 Qxe5 10. O-O $18
{Bl is well behind in development & has lost control over the crucial e5
square ( where he needs to stop the advance of the Wh e pawn which will
liberate the d3 B for the attack.} Be6 11. Bf4 Qc5+ 12. Kh1 Nd7 13. Bd6 (13. e5
$18 {Ne4-d6 is a powerful threat}) 13... Qb6 14. Bg4 (14. e5) 14... Ngf6 (14...
O-O-O $16) 15. Bxe6 fxe6 16. e5 $18 {if the N moves, Qh5 ch will be fatal}
O-O-O 17. exf6 Nxf6 18. Na4 (18. Qd3 Rd7 19. Rae1 Re8 20. b4 $18 {Komodo11})
18... Qb5 19. c4 (19. Qd4 Rxd6 20. Qxd6 Qxa4 21. Qxe6+ $18 {Komodo11}) 19...
Qxc4 20. Rf4 (20. b3 Qd5 21. Qxd5 exd5 22. Be7 Rde8 23. Bxf6 gxf6 24. Rxf6 $18
{Komodo11}) 20... Ne4 (20... Qxf4 21. Bxf4 Rxd1+ 22. Rxd1 $18) 21. b3 (21. Qe1
$18) 21... Qd5 22. Qxd5 exd5 23. Be5 $16 Rd7 24. Bd4 b5 25. Nc5 Nxc5 26. Bxc5
Re8 27. h3 $18 Kb7 28. a4 (28. Raf1) 28... a6 29. axb5 cxb5 30. b4 Red8 31. Rd4
Re8 32. Kg1 Re6 33. Rad1 Kc6 34. Rc1 Kb7 35. Rc2 g6 36. Kf1 Rf7+ 37. Rf2 Rd7
38. Re2 Rf6+ 39. Ke1 Kc6 40. Kd1 h5 41. Be7 Rf1+ 42. Kd2 Kb7 43. g4 Ra1 44. Re6
Ra2+ 45. Kc1 hxg4 46. hxg4 (46. Rxg4) 46... Rc7+ 47. Bc5 a5 48. Rb6+ Kc8 49.
Rxb5 axb4 50. Rdxb4 Rg2 51. Kd1 Kd7 {draw agreed,; Wh is still winning
comfortably, though down to the last pawn. It will take a while though, and a
long journey back home.} (51... Kd7 52. Be3 (52. Bb6 Rcc2 53. Rxd5+ Kc6 54. Rd3
$18 {there is no way in for Bl}) 52... Ke6 53. Rb6+ Kf7 54. Rd6 Rg3 55. Bg5 Rg2
56. Rf4+ Kg8 57. Rxd5 Rb7 58. Rd8+ Kh7 59. Rd2 {also still winning, but a long
way from home.}) 1/2-1/2

[Event "Dyfed Open"]
[Site "?"]
[Date "2018.02.18"]
[Round "5"]
[White "May, Adam J"]
[Black "Greatorex, Roger"]
[Result "1/2-1/2"]
[WhiteElo "1951"]
[BlackElo "1722"]
[Annotator "Rudy"]
[PlyCount "59"]
[EventDate "2018.??.??"]

1. c4 g6 2. g3 Bg7 3. Bg2 d6 4. Nc3 e5 5. e4 Ne7 6. Nge2 O-O 7. O-O f5 8. d3
Nbc6 {transposes to main} (8... Nd7) (8... c6) 9. Nd5 (9. f4 {alternative})
9... Nxd5 (9... h6) (9... Be6) 10. cxd5 Ne7 11. Rb1 {looks a little strange as
the advance of the b pawn no longer has a N to displace. The c file looks the
logical place for this R} (11. Be3) 11... c6 {Komodo11} (11... h6) (11... Rf7 {
played, getting on with the regular K side attack}) 12. dxc6 Nxc6 (12... bxc6)
13. b4 Rb8 14. b5 Nd4 (14... Ne7) 15. Nxd4 exd4 16. Qb3+ Kh8 17. a4 $14 Re8 18.
Bb2 (18. Qb4) 18... Be6 19. Qb4 a5 20. Qa3 (20. Qd2) 20... Qb6 21. Rbc1 Rec8 (
21... f4 22. gxf4 Rf8 $11 {Komodo11}) 22. Rfe1 Rxc1 23. Rxc1 (23. Bxc1 $16)
23... Kg8 24. exf5 gxf5 25. Re1 $18 Kf7 (25... Bf7 26. Re7 $18) 26. Qa1 Bb3 27.
Qa3 Be6 28. Qa1 Bb3 29. Qa3 Be6 30. Qa1 {( draw?)} (30. Qa1 Bb3 31. Qc1 $18 {
the Bl position has too many holes in it} (31. Ba3 Bxa4 32. Qa2+ Kg6 33. Re7
$18 {Komodo11}) 31... h6 (31... Qd8 32. Bh3 Be6 33. Qf4 Qd7 34. Bxd4 $18) 32.
Qf4 Qc5 33. Bf3 Kg6 34. Qh4 Bf6 35. Qh5+ Kg7 36. Rc1 Qb6 37. Qxf5 Bf7 38. Be4
$18) 1/2-1/2

[Event "Dyfed Open"]
[Site "?"]
[Date "2018.02.18"]
[Round "5"]
[White "Taylor, Robert Graham"]
[Black "Di-Vetta, Andrew"]
[Result "1/2-1/2"]
[WhiteElo "1906"]
[BlackElo "1665"]
[Annotator "Rudy"]
[PlyCount "89"]
[EventDate "2018.??.??"]

1. e4 e6 2. Nf3 d5 3. c3 (3. Nc3) (3. exd5) (3. e5 {more usual}) 3... dxe4 4.
Qa4+ Bd7 (4... Nc6) 5. Qxe4 Bc6 6. Qe2 (6. Qe3 {2 Wh wins, 1 draw, 4 Bl wins}
Nf6 7. Ne5 Bd6 8. Nxc6 Nxc6 9. Bb5 O-O 10. d4 Ne7 11. Bd3 Re8 12. O-O Bxh2+ {
D'Andre-Kolisch, Paris Congres International 1867,0-1}) 6... Qd5 (6... Nd7 7.
Nd4 Nb8 8. b4 Nf6 9. Bb2 Be7 10. f3 O-O {Jeremicius-Novikovas, EU Amateur ch,
Kaunas 2015,0-1}) 7. d3 b6 8. Bf4 Bd6 9. c4 Qh5 10. Bxd6 cxd6 11. Nd4 Qxe2+ 12.
Bxe2 Ne7 13. O-O O-O $11 14. Nc3 Nd7 15. Nxc6 Nxc6 16. Nb5 d5 17. cxd5 exd5 18.
Nc7 Nd4 (18... Rad8 19. Nxd5 Nd4 20. Bd1 Nc5 $11 {Komodo11}) 19. Bd1 Rad8 20.
Nxd5 Nc5 21. Nf4 g5 22. Nh3 h6 23. f4 f6 24. fxg5 fxg5 25. Nf2 Nf5 (25... Nc6
$11) 26. Ng4 (26. b4 Ne6 27. Bb3 Nfd4 28. Rfe1 Rfe8 29. Re4 Kf8 30. Ba4 b5 31.
Bd1 Nf4 32. a4 $14 {Komodo11}) 26... Kg7 $11 27. Bc2 (27. g3 Nd4 28. Rxf8 Kxf8
29. Nf2 Nc6 30. Be2 $14 {Komodo11}) 27... Nd4 $15 28. Rxf8 Rxf8 29. Bd1 (29.
Ne3 Nxc2 30. Nxc2 Nxd3 31. b3 Rc8 32. Nd4 Kf6 33. Rd1 Rc1 $11 {Komodo11}) 29...
Nxd3 $17 30. b3 Re8 31. Bf3 Nxf3+ (31... h5 32. Nf2 (32. Rd1 Re1+ 33. Rxe1 Nxe1
34. Nf2 Ndxf3+ 35. gxf3 Nxf3+ $17) 32... Nxf3+ 33. gxf3 Ne1 34. f4 gxf4 $17 {
Komodo11}) 32. gxf3 Re1+ (32... h5 33. Rd1 Re1+ 34. Rxe1 Nxe1 35. Kf2 Nd3+ 36.
Ke3 Nc1 37. Nf2 Nxa2 $17 {Komodo11}) 33. Rxe1 Nxe1 34. Ne5 Kf6 35. Ng4+ Kg6 36.
Kf2 Nd3+ 37. Ke3 Nc1 38. Ne5+ Kf5 39. Nc6 a6 (39... a5 40. b4 Nxa2 41. bxa5
bxa5 42. Nxa5 Nb4 43. Nc4 $11 {Komodo11}) 40. Nd4+ Ke5 41. a3 a5 42. b4 axb4
43. Nc6+ (43. axb4 Na2 44. Nc2 h5 $15) 43... Kd6 44. Nxb4 Nb3 45. Nd3 $11
1/2-1/2

[Event "Dyfed Open"]
[Site "?"]
[Date "2018.02.18"]
[Round "5"]
[White "Francis, Matthew"]
[Black "Haigh, Tony"]
[Result "0-1"]
[WhiteElo "1694"]
[BlackElo "1799"]
[Annotator "Rudy"]
[PlyCount "60"]
[EventDate "2018.??.??"]

1. d4 e6 (1... f5 2. g3 Nf6 3. Bg2 g6 4. Nf3 Bg7 5. O-O O-O 6. c4 d6 7. Nc3 Nc6
8. d5 Ne5 9. Nxe5 dxe5 10. e4 f4 {Francis-Haigh, Dyfed League 2017,0-1}) 2. Nf3
f5 3. e3 Nf6 4. Bd3 b6 5. Nbd2 Bb7 6. O-O Be7 7. b3 (7. Re1) (7. Qe2) 7... d6 {
creates a potential weakness at e6 and along the wh diagonals} (7... O-O 8. Bb2
Qe8 {main} (8... d6 9. c4 Ne4)) 8. Bb2 Qd7 9. c4 O-O 10. Qc2 {d5 becomes a
threat} Nc6 (10... g6 11. e4 fxe4 12. Nxe4 Nc6 13. a3 Nxe4 14. Bxe4 d5 15. Bd3
(15. Bxg6 hxg6 16. Qxg6+ $11) 15... Rxf3 16. gxf3 Rf8 17. Bxg6 Bd6 18. c5 Bf4
19. Bd3 Qe7 20. Kh1 Bxh2 21. Rg1+ Bxg1 22. Rxg1+ Kh8 23. Rg3 $16 {Stockfish9})
11. a3 d5 (11... g6 12. Rad1 $14) 12. cxd5 Nxd5 13. Bb5 $16 {Wh has gained
pressure down the c file} a6 (13... Bf6 14. Ne5 Bxe5 15. dxe5 a6 16. Be2 Nd8
17. b4 Rc8 18. Rfd1 $14 {stockfish9, Wh still has a nagging edge}) 14. Ne5 $18
Nxd4 {desperation, in oder to create chaotic chances, lookalso at Dewi
Jones-Haigh from Rd1, 1/2-1/2} 15. Bxd7 Nxc2 16. Bxe6+ Kh8 17. Ra2 {played to
preserve the a3 pawn,. Wh should still be winning, but its seldom good to put
Rs into passive positions, just to guard a weak pawn, Rs want open llines} (17.
Rac1 {looks far more natural} Nxa3 {the N is doing little here} (17... Ncxe3 {
ruled out} 18. fxe3 Nxe3 19. Rxc7 $18) 18. Ndf3 {Bl can scarcely move any K
side pawns to give his K some air} (18. Nf7+ Rxf7 19. Bxf7 $18 {is fine but
there is no rush}) 18... Nb5 19. Rfd1 c6 20. Nf7+ Rxf7 21. Bxf7 Rf8 22. Bxd5
cxd5 23. Nd4 {Wh is an exchange up & his pieces dominate the board} Bc5 24.
Nxb5 axb5 25. Bd4 Rc8 26. Rc2 Bxd4 27. Rxc8+ Bxc8 28. exd4 {and Bl is left
with a terrible B as well- Stockfish9}) 17... Ncxe3 {since Bl is losing he may
as well mix things up further} (17... Bc5 {is no improvement} 18. Nf7+ Rxf7 19.
Bxf7 Ncxe3 20. fxe3 Nxe3 21. b4 Nxf1+ 22. Kxf1 Bd6 23. Nf3 $18 {Stockfish9})
18. fxe3 Nxe3 19. Rc1 {the c file is still the best} (19. Nf7+ Rxf7 20. Bxf7
Nxf1 21. Kxf1 Rf8 22. Bh5 Bd6 23. Bf3 {and Bl's 2 pawns are insufficient for
the piece}) 19... Nxg2 20. Ndf3 (20. Rxc7 {simplest} Bc5+ 21. Kf1 (21. Rxc5
bxc5 22. Nf7+ Rxf7 23. Bxf7 Rd8 24. Be5 $18 {simplifies, if one doesn't feel
like a K march}) 21... Ne3+ 22. Ke1 Nc2+ 23. Kd1 Nd4 24. Bc4 Bh1 25. b4 Bd6 26.
Nf7+ Rxf7 27. Rxf7 {Stockfish9Wh is a R up}) 20... Nf4 (20... Bxf3 21. Nxf3 Nf4
22. Bc4 Rad8 23. b4 $18 {Stockfish9}) 21. Nf7+ {wining the exchange now leaves
an unprotected N behind} (21. Rxc7 $1 Bc5+ 22. Kf1 Nxe6 23. Rxb7 $18 {
Stockfish9}) 21... Rxf7 22. Bxf7 Bxf3 $15 23. Rxc7 (23. Kf2 Be4 24. Rxc7 Bc5+
25. Ke1 Nd3+ 26. Kf1 Nxb2 27. Rxb2 Bd3+ 28. Kg2 Rd8 $15 {Stockfish9; as Bl has
2 pawns for the exchange & powerful Bs & the Wh Rs are uncoordinated}) 23...
Bc5+ (23... Bd6 24. Rd7 Bc5+ 25. Bd4 Bxd4+ 26. Rxd4 Ne2+ 27. Rxe2 Bxe2 $17 {
Stockfish9}) 24. Rxc5 (24. Kf1 {is still better than returning the exchange}
Rd8 25. Bxg7+ Kxg7 26. Bd5+ Kg6 27. Bxf3 Rd3 28. Be2 Rxb3 29. Bd1 Rd3 30. Be2
Rh3 31. Bxa6 Rc3 32. Ke1 Rc1+ 33. Kd2 Be3+ 34. Kxe3 Nd5+ 35. Kd4 Nxc7 36. Bc4
Re1 $15 {Stockfish9- Bl is just the one pawn up, with a draw most likely})
24... bxc5 25. Kf2 Bd5 $19 26. Bxd5 Nxd5 27. Bc1 Nc3 28. Rc2 Ne4+ 29. Kf3 g6
30. Be3 (30. b4 $5) 30... Rb8 $19 0-1

[Event "Dyfed Open"]
[Site "?"]
[Date "2018.02.18"]
[Round "5"]
[White "Leah, Howard"]
[Black "Probert, Malcolm"]
[Result "1/2-1/2"]
[WhiteElo "1467"]
[BlackElo "1601"]
[Annotator "Rudy"]
[PlyCount "43"]
[EventDate "2018.??.??"]

1. e4 g6 2. d4 Bg7 3. Nf3 c6 4. Bd3 d5 5. e5 Nh6 6. O-O O-O 7. Re1 Bg4 (7... f6
) (7... Na6) 8. Nbd2 f6 9. e6 $14 (9. h3 $16 Bxf3 10. Nxf3 fxe5 11. Nxe5 Nf5
12. c3 Nd7 13. Nf3 c5 14. Ng5 cxd4 15. Ne6 Qb6 16. Nxf8 Rxf8 17. Bxf5 Rxf5 18.
cxd4 {Kraai-Shevelev, Western States op, Reno 2002,1-0}) 9... Qc8 10. Qe2 b6 (
10... Bf5 11. c3 Bxd3 12. Qxd3 Na6 13. Nh4 g5 14. Nf5 Qe8 15. Nf1 Nxf5 16. Qxf5
Rd8 17. Ng3 $16 {Stockfish9}) 11. h3 Bf5 12. c4 (12. g4 Bxd3 13. Qxd3 Na6 14.
Nf1 Nc7 15. Qe2 {Stockfish9 keep the Wh position solid; the pawn breaks can
come later after Wh gets all his pieces out, while Bl remains cramped}) 12...
Na6 13. cxd5 Bxd3 (13... Nb4 $11) 14. Qxd3 cxd5 (14... Nb4 15. Qb3 Nxd5 $11 {
Stockfish9}) 15. b3 $2 (15. Qa3 Nc7 16. Nf1 Nxe6 17. Qxe7 Ng5 18. Bxg5 Nf5 19.
Qa3 fxg5 20. Rad1 $14) 15... Nc7 (15... Nb4 16. Qb5 Nc2 $19) 16. Ba3 Re8 17.
Rac1 Qb7 18. Nh4 $16 Rac8 19. Nf1 (19. g4 $16) (19. Nxg6 hxg6 20. Qxg6 Nb5 21.
Bb2 $11 {Stockfish9}) 19... Bf8 $2 (19... f5 $14) 20. Ng3 (20. Nxg6 $1 $18 Qa6
(20... hxg6 21. Qxg6+ Kh8 (21... Bg7 22. Ng3) 22. Bb4 Nxe6 23. Rxe6 Rxc1 24.
Qxe8 Rc8 25. Qg6 Rc7 26. Ng3 Qc8 27. Bxe7 Rxe7 28. Qxf6+ $18) 21. Qxa6 Nxa6 22.
Nxe7+ Bxe7 23. Rxc8 Rxc8 24. Bxe7 Re8 25. Bxf6 $18 {Stockfish9}) 20... Qa6 21.
Qxa6 Nxa6 22. Nf3 $11 {(draw?)} (22. f4 Nc7 23. Bb2 Nb5 24. a4 Nd6 25. Ba3 $16
{Stockfish9}) 1/2-1/2